Fire safety: (Record no. 122145)

MARC details
000 -LEADER
fixed length control field 01212nam a22002897a 4500
008 - FIXED-LENGTH DATA ELEMENTS--GENERAL INFORMATION
fixed length control field 250428e20250425xxk|||||o|||| 00| 0 eng d
041 ## - LANGUAGE CODE
Language code of text/sound track or separate title eng
110 ## - MAIN ENTRY--CORPORATE NAME
Corporate author Royal Institution of Chartered Surveyors
245 ## - TITLE STATEMENT
Title Fire safety:
Subtitle a guide for landlords - rented and shared accomodation
Medium [Electronic resource]
260 ## - PUBLICATION INFORMATION
Place of publication London,
Publisher Royal Institution of Chartered Surveyors,
Date April 2025
300 ## - PHYSICAL DESCRIPTION
Physical description 15p.
490 ## - SERIES TITLE
Series statement RICS Consumer Guide
520 ## - ABSTRACT
Abstract An overview of fire safety requirements for landlords in England
650 ## - KEYWORDS
Keywords FIRE RISK ASSESSMENTS
650 ## - KEYWORDS
Keywords FIRE SAFETY ACT 2022
650 ## - KEYWORDS
Keywords FIRE SAFETY
650 ## - KEYWORDS
Keywords LANDLORD AND TENANT
650 ## - KEYWORDS
Keywords REGULATORY REFORM (FIRE SAFETY) ORDER 2005
650 ## - KEYWORDS
Keywords RESIDENTIAL PROPERTY
650 ## - KEYWORDS
Keywords RESPONSIBLE PERSONS
651 ## - SUBJECT ADDED ENTRY--GEOGRAPHIC NAME
Geographic name United Kingdom
690 ## - BROAD SUBJECT
Broad subject Health and safety
9 (RLIN) 6244
710 ## - ADDED CORPORATE NAME
Added corporate author Royal Institution of Chartered Surveyors
856 ## - ONLINE RESOURCE
Uniform Resource Identifier <a href="https://www.rics.org/content/dam/ricsglobal/documents/to-be-sorted/Fire-safety-for-landlords-rented-and-shared-accommodation.pdf">https://www.rics.org/content/dam/ricsglobal/documents/to-be-sorted/Fire-safety-for-landlords-rented-and-shared-accommodation.pdf</a>
Public note pdf guide here
856 ## - ONLINE RESOURCE
Uniform Resource Identifier <a href="https://www.rics.org/consumer-guides/fire-safety-landlords-rented-shared-accommodation">https://www.rics.org/consumer-guides/fire-safety-landlords-rented-shared-accommodation</a>
Public note web version here
942 ## - ADDED ENTRY ELEMENTS (KOHA)
Suppress in OPAC Do not suppress in OPAC
Holdings
Lost status Damaged status Not for loan Current library Shelving location Date acquired Total Checkouts Date last seen Price effective from Koha item type
      Virtual Online 28/04/2025   28/04/2025 28/04/2025 Online material